000
002590000a22000970004500
100
1
_a
Yamamori, Tetsunao
245
1
0
_a
God's special envoys
300
_a
Vol. 2, Núm 1 (1985), Páginas 81-88
773
0
_t
International Journal of Frontier Misions
942
_c
ANA
999
_c
55118
_d
55118